000 00715nam a2200265Ia 4500
001 27754
005 20240114001017.0
007 ta
008 120225s1998 ii g b000 u asm u
040 _aCotton College,Assam
041 _aasm
082 _a891.41108
_bSh 11 As
100 _aSarma, Hementa Kumar .
245 0 _aAsamiya Lokgiti Sanchyan /
_cHementa Kumar Sarma.
_hTextual Documents
250 _a3rd ed. /
260 _aGuwahati :
_bBina Library ,
_c1998.
300 _a261p. ;
_c22cm.
653 _aAssamese Folk Songs
653 _aFolk Song-Assam
653 _aG-Assamese
700 _aSarma, ,
_eHementa Kumar .,
942 _2ddc
_cBK
999 _c27736
_d27736